[Event "New Zealand Open"]
[Site "Devonport, Auckland NZL"]
[Date "2016.01.06"]
[EventDate "2016.01.02"]
[Round "5.28"]
[Result "0-1"]
[White "Joy Shu Yan Qin"]
[Black "Michael Klyszcz"]
[WhiteElo "1685"]
[BlackElo "1979"]
[PlyCount "122"]

1. e4 e5 2. Nf3 Nc6 3. Bb5 a6 4. Ba4 b5 5. Bb3 Nf6 6. d3 Bc5
7. c3 d6 8. O-O h6 9. h3 Rb8 10. Re1 O-O 11. Nbd2 Bb6 12. Nf1
Ne7 13. Ng3 Be6 14. Bc2 Ng6 15. d4 c5 16. dxe5 dxe5 17. Be3
Qc7 18. Nh2 Rfd8 19. Qf3 Nh4 20. Qe2 Bc4 21. Bd3 Bxd3 22. Qd1
c4 23. Qc1 Bxe3 24. Qxe3 Qb6 25. Rad1 Qxe3 26. Rxe3 Bc2
27. Rde1 Rd3 28. R3e2 Bd1 29. Re3 Rxe3 30. Rxe3 Rd8 31. Nhf1
Bc2 32. Re2 Bb1 33. a3 Rd1 34. f3 Bd3 35. Rd2 Rxd2 36. Nxd2
Nd7 37. Ngf1 Bxf1 38. Nxf1 Ng6 39. g3 Nc5 40. Ne3 Ne7 41. Kf1
Nd3 42. Nd1 Nc8 43. Ke2 Nd6 44. Ke3 Kf8 45. Ke2 Ke7 46. Ke3
Ke6 47. Ke2 g6 48. h4 f5 49. Ke3 g5 50. hxg5 hxg5 51. g4 fxg4
52. fxg4 Nc5 53. Nf2 Ne8 54. Ke2 Nf6 55. Kf3 Nd3 56. Nd1 Kd6
57. Kg3 Nxe4+ 58. Kf3 Nf6 59. Kg3 e4 60. Kh3 Ke5 61. Kg3 Nd5
0-1

[Event "New Zealand Open"]
[Site "Devonport, Auckland NZL"]
[Date "2016.01.06"]
[EventDate "2016.01.02"]
[Round "5.29"]
[Result "0-1"]
[White "L Ross Jackson"]
[Black "John Duneas"]
[WhiteElo "1884"]
[BlackElo "2110"]
[PlyCount "54"]

1. d4 d5 2. c4 c6 3. Nf3 Nf6 4. e3 e6 5. Bd3 Nbd7 6. O-O Bd6
7. Nbd2 O-O 8. b3 e5 9. dxe5 Nxe5 10. Nxe5 Bxe5 11. Rb1 dxc4
12. Bc2 cxb3 13. Rxb3 b6 14. f4 Bd6 15. f5 Ba6 16. Rf3 Qe7
17. Bb2 Be5 18. Ba3 c5 19. Rh3 Rad8 20. Qe1 Bb7 21. e4 Rfe8
22. Rh4 Qd7 23. Bc1 Qd4+ 24. Kh1 Qa4 25. a3 Qa5 26. Rhh3 Bf4
27. Rhc3 Bd5 0-1

[Event "New Zealand Open"]
[Site "Devonport, Auckland NZL"]
[Date "2016.01.06"]
[EventDate "2016.01.02"]
[Round "5.30"]
[Result "1/2-1/2"]
[White "Philip I Hair"]
[Black "Jasmine Haomo Zhang"]
[WhiteElo "1932"]
[BlackElo "1674"]
[PlyCount "89"]

1. e4 c5 2. Nc3 Nc6 3. g3 g6 4. Bg2 Bg7 5. d3 e6 6. Be3 d6
7. Qd2 Nge7 8. Bh6 O-O 9. Bxg7 Kxg7 10. Nge2 e5 11. O-O Be6
12. f4 Qd7 13. Rf2 f5 14. Raf1 Rab8 15. a3 b6 16. Nd5 Rbe8
17. c3 Kg8 18. Ne3 d5 19. exf5 Nxf5 20. fxe5 Nxe5 21. Bh3 Nxe3
22. Bxe6+ Qxe6 23. Rxf8+ Rxf8 24. Rxf8+ Kxf8 25. Qxe3 Qf5
26. Nc1 d4 27. cxd4 cxd4 28. Qe2 Kg7 29. Kg2 Qe6 30. Qe4 Qd6
31. Qb7+ Qd7 32. Qxd7+ Nxd7 33. Ne2 Nc5 34. Nxd4 Nxd3 35. Nc6
Nxb2 36. Nxa7 Nc4 37. Nb5 Kf7 38. Kf3 Ke6 39. Ke4 Nd2+ 40. Kf4
h6 41. h4 Nc4 42. g4 Kf6 43. Nc3 Ke6 44. a4 Nb2 45. Ke4
1/2-1/2

[Event "New Zealand Open"]
[Site "Devonport, Auckland NZL"]
[Date "2016.01.06"]
[EventDate "2016.01.02"]
[Round "5.31"]
[Result "1/2-1/2"]
[White "Vyanla M Punsalan"]
[Black "Bernard Alan Carpinter"]
[WhiteElo "1356"]
[BlackElo "1928"]
[PlyCount "70"]

1. d4 Nf6 2. c4 e6 3. Nf3 d5 4. e3 a6 5. Nc3 Be7 6. Be2 dxc4
7. Bxc4 O-O 8. a3 b5 9. Bd3 c5 10. dxc5 Bxc5 11. b4 Be7
12. O-O Bb7 13. Bb2 Nbd7 14. Rc1 Qb8 15. h3 Bxf3 16. Qxf3 Ne5
17. Qe2 Nxd3 18. Qxd3 Rd8 19. Qe2 Ra7 20. Rfd1 Rad7 21. Qc2
Qb7 22. Ne2 Rxd1+ 23. Rxd1 Rxd1+ 24. Qxd1 Qd7 25. Qc2 Nd5
26. Qd2 Nb6 27. Qxd7 Nxd7 28. Bd4 e5 29. Ba7 Kf8 30. e4 Bd8
31. Nc3 Bb6 32. Bxb6 Nxb6 33. Kf1 Ke7 34. Ke2 Nc4 35. Nb1 Ke6
1/2-1/2

[Event "New Zealand Open"]
[Site "Devonport, Auckland NZL"]
[Date "2016.01.06"]
[EventDate "2016.01.02"]
[Round "5.32"]
[Result "1-0"]
[White "Alan Wolstencroft"]
[Black "Hikaru Oka"]
[WhiteElo "1796"]
[BlackElo "1449"]
[PlyCount "43"]

1. e4 e5 2. Nf3 Nc6 3. Bb5 Nf6 4. d3 d6 5. O-O Bg4 6. c3 Be7
7. h3 Bh5 8. Nbd2 O-O 9. Re1 a6 10. Ba4 b5 11. Bb3 Na5 12. Bc2
c5 13. Nf1 h6 14. Ng3 Bg6 15. Nh4 Bh7 16. Nhf5 Qd7 17. a4 Rfb8
18. Be3 c4 19. d4 b4 20. dxe5 dxe5 21. Qxd7 Nxd7 22. Nxe7+ 1-0

[Event "New Zealand Open"]
[Site "Devonport, Auckland NZL"]
[Date "2016.01.06"]
[EventDate "2016.01.02"]
[Round "5.33"]
[Result "1-0"]
[White "Louie Wei"]
[Black "Eva Lourenco"]
[WhiteElo "1669"]
[BlackElo "1306"]
[PlyCount "61"]

1. d4 Nf6 2. f4 g6 3. Nf3 d6 4. e3 Bg7 5. Bd3 O-O 6. O-O c5
7. c3 cxd4 8. exd4 Nc6 9. Nbd2 a6 10. a4 b6 11. Qe2 Bb7
12. Ne4 Nxe4 13. Bxe4 e6 14. Bd3 Re8 15. Bc4 Na5 16. Bd3 Nb3
17. Ra3 Nxc1 18. Rxc1 Qc7 19. Re1 Bxf3 20. Qxf3 f5 21. Rxe6
Kh8 22. Rxe8+ Rxe8 23. Bxa6 Re1+ 24. Kf2 Qe7 25. Be2 Rb1
26. Rb3 Bf8 27. Rxb6 Qh4+ 28. Qg3 Qxg3+ 29. Kxg3 Re1 30. Kf2
h5 31. Kxe1 1-0

[Event "New Zealand Open"]
[Site "Devonport, Auckland NZL"]
[Date "2016.01.07"]
[EventDate "2016.01.02"]
[Round "6.1"]
[Result "0-1"]
[White "Matthieu Cornette"]
[Black "Gawain Jones"]
[WhiteElo "2591"]
[BlackElo "2625"]
[PlyCount "42"]

1. d4 g6 2. e4 Bg7 3. Nc3 d6 4. Be3 a6 5. a4 Nc6 6. h3 e5
7. d5 Nce7 8. g4 f5 9. f3 c5 10. a5 Nf6 11. Qd2 O-O 12. Bc4
Rb8 13. Nge2 Bd7 14. g5 Nh5 15. Na4 Nc8 16. exf5 Rxf5 17. Rf1
Bxa4 18. Rxa4 b5 19. axb6 Nxb6 20. Bb3 Nxa4 21. Bxa4 Nf4 0-1

[Event "New Zealand Open"]
[Site "Devonport, Auckland NZL"]
[Date "2016.01.07"]
[EventDate "2016.01.02"]
[Round "6.2"]
[Result "1/2-1/2"]
[White "Qun Ma"]
[Black "Nigel Short"]
[WhiteElo "2606"]
[BlackElo "2684"]
[PlyCount "65"]

1. e4 e6 2. d4 d5 3. Nd2 c5 4. exd5 exd5 5. Ngf3 Nc6 6. Bb5
cxd4 7. Nxd4 Qe7+ 8. Qe2 Qxe2+ 9. Kxe2 Bd7 10. N2f3 Bd6 11. c3
Nge7 12. h3 a6 13. Bd3 f6 14. Rd1 h5 15. Nxc6 bxc6 16. c4 g5
17. cxd5 cxd5 18. Nd4 Kf7 19. Be3 Rhb8 20. b3 a5 21. a4 Be5
22. Rab1 Nc6 23. Nxc6 Bxc6 24. Rdc1 Bb7 25. Bd2 Bd6 26. Bb5
Ba6 27. Bxa6 Rxa6 28. Kd3 Ke6 29. Be3 Kd7 30. Kd4 Ke6 31. Kd3
Kd7 32. Kd4 Ke6 33. Kd3 1/2-1/2

[Event "New Zealand Open"]
[Site "Devonport, Auckland NZL"]
[Date "2016.01.07"]
[EventDate "2016.01.02"]
[Round "6.3"]
[Result "0-1"]
[White "Heather Richards"]
[Black "Alexandr Hilario Takeda dos Santos Fier"]
[WhiteElo "2165"]
[BlackElo "2607"]
[PlyCount "56"]

1. e4 c6 2. d4 d5 3. f3 Qb6 4. Nc3 dxe4 5. fxe4 e5 6. dxe5 Be6
7. Nf3 Nd7 8. Ng5 O-O-O 9. Nxe6 fxe6 10. Bc4 Nc5 11. Qe2 Ne7
12. Rb1 Ng6 13. Be3 Qc7 14. O-O Qxe5 15. Bf2 Bd6 16. Bg3 Qg5
17. b4 Bxg3 18. hxg3 Rd2 19. Qe1 Ne5 20. Bxe6+ Nxe6 21. Rf5
Qd8 22. Rxe5 Qd4+ 23. Kh2 Rf8 24. Rf5 Qxc3 25. Rxf8+ Nxf8
26. Rd1 Rxc2 27. Qf1 Qf6 28. Qd3 Rc1 0-1

[Event "New Zealand Open"]
[Site "Devonport, Auckland NZL"]
[Date "2016.01.07"]
[EventDate "2016.01.02"]
[Round "6.4"]
[Result "1-0"]
[White "Ju Wenjun"]
[Black "Russell John Dive"]
[WhiteElo "2548"]
[BlackElo "2311"]
[PlyCount "47"]

1. d4 Nf6 2. c4 c5 3. d5 b5 4. cxb5 a6 5. bxa6 d6 6. Nc3 Bxa6
7. e4 Bxf1 8. Kxf1 g6 9. Nf3 Nbd7 10. g3 Bg7 11. Kg2 O-O
12. a4 Rb8 13. Qc2 Qa5 14. Re1 Qa8 15. Bd2 Ne8 16. Bg5 Qb7
17. Bxe7 Qxb2 18. Qxb2 Rxb2 19. Nb5 Rb4 20. Ra2 Nb6 21. e5
dxe5 22. Bxc5 Rxa4 23. Rxa4 Nxa4 24. Bxf8 1-0

[Event "New Zealand Open"]
[Site "Devonport, Auckland NZL"]
[Date "2016.01.07"]
[EventDate "2016.01.02"]
[Round "6.5"]
[Result "1-0"]
[White "Aleksei Kulashko"]
[Black "Scott Wastney"]
[WhiteElo "2341"]
[BlackElo "2345"]
[PlyCount "195"]

1. Nf3 d5 2. g3 Nf6 3. Bg2 e6 4. c4 Be7 5. O-O O-O 6. b3 c5
7. Bb2 Nc6 8. e3 dxc4 9. bxc4 Qb6 10. Qb3 Na5 11. Qxb6 axb6
12. Na3 Rd8 13. Rfd1 Bd7 14. d3 Ba4 15. Rd2 Ne8 16. Rb1 Nd6
17. Bc3 Nc8 18. Nb5 Bf6 19. Bxf6 gxf6 20. Kf1 Nd6 21. Nc3 Bc6
22. Ke2 Rd7 23. Rdb2 Rad8 24. Ne1 Bxg2 25. Nxg2 Nc8 26. Ne1
Nc6 27. f4 Nb4 28. Rd1 Nd6 29. a3 Nc6 30. Rxb6 Ra8 31. Nc2 Na5
32. Rbb1 Kg7 33. Nb5 Nc8 34. Rb2 h5 35. Rbb1 Nc6 36. Nc3 f5
37. Rb5 b6 38. Rbb1 Ra6 39. Nb5 Na5 40. Rb2 Nc6 41. Kd2 N6a7
42. Nxa7 Raxa7 43. Kc3 Ra6 44. Rdb1 Rc7 45. Rb3 Rc6 46. Kd2
Rc7 47. Ke2 Rc6 48. Ne1 Rc7 49. Kf3 Rd7 50. Nc2 Ra4 51. Ke2
Rd8 52. Rg1 Kf6 53. Ne1 Ke7 54. Nf3 f6 55. Nd2 Ra6 56. Nb1 Nd6
57. Nc3 Rda8 58. Ra1 Kd7 59. Kf3 Kc7 60. h3 Rg8 61. Rg1 Rga8
62. a4 Rg8 63. Rb2 Raa8 64. Rbg2 Kb7 65. g4 hxg4+ 66. hxg4
fxg4+ 67. Rxg4 Rxg4 68. Rxg4 Nf5 69. e4 Nd4+ 70. Kg2 Ka6
71. Nb5 Rd8 72. Nxd4 Rxd4 73. Rg6 e5 74. f5 Rd6 75. Kf2 Ka5
76. Ke2 Kxa4 77. Rg8 b5 78. Ra8+ Kb4 79. Rb8 Kc3 80. cxb5 Rxd3
81. Rb6 Rd2+ 82. Kf3 Rb2 83. Rxf6 Rxb5 84. Re6 c4 85. f6 Rb1
86. Ke2 Kd4 87. f7 Rb2+ 88. Kf1 Rb1+ 89. Kg2 Rb2+ 90. Kg3 Rb8
91. Re8 Rxe8 92. fxe8=Q Kxe4 93. Qd7 c3 94. Qd1 Ke3 95. Qc2 e4
96. Qxc3+ Ke2 97. Qd4 e3 98. Kf4 1-0

[Event "New Zealand Open"]
[Site "Devonport, Auckland NZL"]
[Date "2016.01.07"]
[EventDate "2016.01.02"]
[Round "6.6"]
[Result "1-0"]
[White "Anthony F Ker"]
[Black "Leonard J McLaren"]
[WhiteElo "2283"]
[BlackElo "2236"]
[PlyCount "79"]

1. e4 c5 2. c3 g6 3. d4 cxd4 4. cxd4 d5 5. Nc3 dxe4 6. Bc4 Nf6
7. Qb3 e6 8. d5 Qb6 9. Be3 Qxb3 10. axb3 Bb4 11. Bd4 Ke7
12. O-O-O Nbd7 13. dxe6 fxe6 14. Nge2 a6 15. Nf4 Bd6 16. Nxe6
Ne5 17. Nc5 Nxc4 18. bxc4 Bxc5 19. Bxf6+ Kxf6 20. Nxe4+ Kf7
21. Nxc5 Re8 22. Rhe1 Bg4 23. Nxb7 Bxd1 24. Nd6+ Kf8 25. Nxe8
Bb3 26. Nd6 Rd8 27. c5 Rd7 28. Kd2 Rc7 29. Re8+ Kg7 30. Re5
Rd7 31. Kc3 Kf6 32. f4 Ba4 33. b4 h6 34. g4 Bd1 35. g5+ hxg5
36. Ne4+ Kg7 37. fxg5 Ba4 38. Nd6 Rd8 39. Re7+ Kg8 40. Ra7 1-0

[Event "New Zealand Open"]
[Site "Devonport, Auckland NZL"]
[Date "2016.01.07"]
[EventDate "2016.01.02"]
[Round "6.7"]
[Result "1-0"]
[White "Michael Steadman"]
[Black "Reyk Schaefer"]
[WhiteElo "2252"]
[BlackElo "2134"]
[PlyCount "43"]

1. c4 g6 2. Nc3 c5 3. g3 Bg7 4. Bg2 Nc6 5. e4 e6 6. Nge2 Nge7
7. d3 O-O 8. O-O h6 9. a3 b6 10. Rb1 Bb7 11. b4 d6 12. Be3 Nd4
13. Qd2 Kh7 14. f4 Qc7 15. Bxd4 cxd4 16. Nb5 Qd7 17. Nbxd4
Rac8 18. Qe3 e5 19. Nf3 Rc7 20. Rbc1 Rfc8 21. Nh4 exf4
22. Nxf4 1-0

[Event "New Zealand Open"]
[Site "Devonport, Auckland NZL"]
[Date "2016.01.07"]
[EventDate "2016.01.02"]
[Round "6.8"]
[Result "1/2-1/2"]
[White "Mark Fredrick Noble"]
[Black "Layla Timergazi"]
[WhiteElo "2241"]
[BlackElo "1915"]
[PlyCount "93"]

1. d4 Nf6 2. c4 g6 3. Nc3 Bg7 4. e4 d6 5. f3 O-O 6. Be3 e5
7. Nge2 Nc6 8. d5 Ne7 9. Qd2 Nd7 10. Nc1 a5 11. Nd3 f5 12. Be2
b6 13. O-O-O Nc5 14. Kb1 a4 15. Rc1 Bd7 16. Bd1 Kh8 17. b4
axb3 18. axb3 Qc8 19. b4 Qa6 20. Nb2 Nb7 21. b5 Qa1+ 22. Kc2
Qa3 23. Nb1 Qa2 24. Qb4 Nc5 25. Nc3 Qa7 26. Be2 fxe4 27. fxe4
Qa3 28. Qxa3 Rxa3 29. Bf3 Nb3 30. Nb1 Na1+ 31. Kd2 Rxe3
32. Kxe3 Bh6+ 33. Kd3 Bxc1 34. Rxc1 Nb3 35. Rc3 Nd4 36. Nd2
Ra8 37. Nb3 Nxb3 38. Rxb3 g5 39. Ke3 Ng6 40. g3 Nf8 41. Nd3
Bc8 42. Be2 Nd7 43. Bg4 Ra4 44. Bxd7 Bxd7 45. Rc3 Kg7 46. Nf2
h5 47. h3 1/2-1/2

[Event "New Zealand Open"]
[Site "Devonport, Auckland NZL"]
[Date "2016.01.07"]
[EventDate "2016.01.02"]
[Round "6.9"]
[Result "0-1"]
[White "Leo Zhang"]
[Black "Thorben Koop"]
[WhiteElo "2087"]
[BlackElo "2417"]
[PlyCount "58"]

1. d4 Nf6 2. c4 c5 3. d5 b5 4. cxb5 a6 5. bxa6 g6 6. Nc3 Bg7
7. Nf3 O-O 8. Nd2 e6 9. Qb3 Nxa6 10. e4 Rb8 11. Bb5 exd5
12. O-O d4 13. Nd5 Nxd5 14. exd5 Nc7 15. a4 Ba6 16. Ne4 Nxb5
17. axb5 Bxb5 18. Re1 d6 19. Bf4 Be5 20. Qg3 f6 21. Nxd6 Qxd6
22. Bxe5 fxe5 23. Rxe5 Rb7 24. Rae1 d3 25. Qg5 Qf6 26. Qe3 Qf4
27. d6 Qxe3 28. R5xe3 Rd7 29. Re6 Bc4 0-1

[Event "New Zealand Open"]
[Site "Devonport, Auckland NZL"]
[Date "2016.01.07"]
[EventDate "2016.01.02"]
[Round "6.10"]
[Result "1-0"]
[White "Deimante Daulyte"]
[Black "Paul Anthony Garbett"]
[WhiteElo "2378"]
[BlackElo "2250"]
[PlyCount "129"]

1. e4 c5 2. Nf3 e6 3. d4 cxd4 4. Nxd4 Nc6 5. Nc3 Qc7 6. Be3 a6
7. Qf3 Bd6 8. O-O-O Be5 9. g3 b5 10. Qe2 Nge7 11. f4 Bxd4
12. Bxd4 Nxd4 13. Rxd4 Bb7 14. Bg2 O-O 15. Rhd1 Rfd8 16. Qd2
Bc6 17. e5 Ra7 18. Bxc6 Qxc6 19. g4 Rc7 20. Kb1 Qf3 21. f5 Qh3
22. Rg1 Nc6 23. Rd3 Qh4 24. Qf4 h6 25. a3 exf5 26. Nd5 Rcc8
27. Rdg3 g6 28. Qf1 f4 29. Qxf4 Qg5 30. Qf6 Re8 31. Qxg5 hxg5
32. Nf6+ Kg7 33. Nxe8+ Rxe8 34. Rd3 Nxe5 35. Rd6 Re6 36. Rxe6
dxe6 37. h3 Nf3 38. Rg3 Nd2+ 39. Kc1 Ne4 40. Re3 f5 41. a4 Kf6
42. Kd1 Ke5 43. Ke2 f4 44. Ra3 b4 45. Ra1 a5 46. Rd1 Nd6
47. Kd3 Kd5 48. c3 b3 49. c4+ Nxc4 50. Kc3+ Kc5 51. Kxb3 Ne3
52. Rd8 Nd5 53. Kc2 Kd4 54. Kd2 f3 55. b4 axb4 56. a5 f2
57. Ke2 b3 58. a6 b2 59. Rb8 Kc3 60. a7 Nc7 61. Kxf2 Na8
62. Rxa8 b1=Q 63. Rc8+ Kd2 64. Rd8+ Kc3 65. a8=Q 1-0

[Event "New Zealand Open"]
[Site "Devonport, Auckland NZL"]
[Date "2016.01.07"]
[EventDate "2016.01.02"]
[Round "6.11"]
[Result "1-0"]
[White "Nino Maisuradze"]
[Black "Alphaeus Wei Ern Ang"]
[WhiteElo "2288"]
[BlackElo "2136"]
[PlyCount "137"]

1. d4 Nf6 2. c4 g6 3. Nc3 Bg7 4. e4 d6 5. f4 O-O 6. Nf3 c5
7. d5 e6 8. dxe6 Bxe6 9. Bd3 Nc6 10. f5 Bc8 11. O-O Ng4
12. Bg5 f6 13. Bc1 Nge5 14. Nd5 Ne7 15. fxg6 hxg6 16. Be2
Nxf3+ 17. Rxf3 Be6 18. Bd2 Bxd5 19. exd5 f5 20. Qc2 Bd4+
21. Be3 Bxe3+ 22. Rxe3 Rf6 23. Qc3 Qf8 24. Re1 f4 25. Re4 Nf5
26. Rxf4 Nd4 27. Rxf6 Qxf6 28. Bg4 Rf8 29. Qe3 a6 30. h3 b5
31. cxb5 axb5 32. a3 Nc2 33. Qe6+ Kg7 34. Qe7+ Rf7 35. Qxf6+
Rxf6 36. Re7+ Rf7 37. Rxf7+ Kxf7 38. Kf2 Kf6 39. h4 Ke5
40. Bf3 Nd4 41. g4 Kf4 42. Bd1 Ke4 43. h5 gxh5 44. gxh5 Kf5
45. b3 Kg5 46. a4 b4 47. Ke3 Nf5+ 48. Kd3 Kf6 49. a5 Ne7
50. Kc4 Ke5 51. h6 Kf6 52. h7 Kg7 53. Bc2 Kh8 54. a6 Nc8
55. Kb5 Kg7 56. Kc6 Na7+ 57. Kxd6 c4 58. bxc4 b3 59. Bxb3 Kxh7
60. Kc7 Kg7 61. Kb7 Kf7 62. Kxa7 Ke7 63. c5 Kd8 64. Kb7 Kd7
65. a7 Ke7 66. a8=Q Kd7 67. Qh8 Ke7 68. d6+ Kd7 69. Qc8# 1-0

[Event "New Zealand Open"]
[Site "Devonport, Auckland NZL"]
[Date "2016.01.07"]
[EventDate "2016.01.02"]
[Round "6.12"]
[Result "0-1"]
[White "Robert Wayne Smith"]
[Black "Matthew Drummond"]
[WhiteElo "2208"]
[BlackElo "2255"]
[PlyCount "88"]

1. e4 e6 2. d4 d5 3. Nc3 Bb4 4. e5 b6 5. Qg4 Bf8 6. Bg5 Qd7
7. Nf3 Ba6 8. Bxa6 Nxa6 9. O-O h6 10. Qh5 Ne7 11. a3 O-O-O
12. Rfd1 Kb7 13. b4 c6 14. Bxe7 g6 15. Bxd8 gxh5 16. Bf6 Rg8
17. Ne2 Be7 18. Ng3 Bd8 19. Nxh5 Nc7 20. Rd3 Ne8 21. Bxd8 Qxd8
22. Re1 Qe7 23. Rde3 Nc7 24. Nf6 Ra8 25. Nd2 a5 26. c3 Nb5
27. Nb1 axb4 28. axb4 Ra1 29. Rf1 c5 30. bxc5 bxc5 31. dxc5
Qxc5 32. h4 Qc4 33. h5 Ra2 34. Rg3 Ra1 35. Nd2 Rxf1+ 36. Nxf1
Nxc3 37. Rg7 Ne2+ 38. Kh1 Qc1 39. Rxf7+ Ka6 40. Ng4 Qxf1+
41. Kh2 Qg1+ 42. Kh3 Qh1+ 43. Nh2 d4 44. Rf6 Kb5 0-1

[Event "New Zealand Open"]
[Site "Devonport, Auckland NZL"]
[Date "2016.01.07"]
[EventDate "2016.01.02"]
[Round "6.13"]
[Result "1/2-1/2"]
[White "Tim Reilly"]
[Black "Tony Dowden"]
[WhiteElo "2203"]
[BlackElo "2088"]
[PlyCount "38"]

1. d4 f5 2. c4 Nf6 3. Nf3 d6 4. g3 g6 5. Bg2 Bg7 6. O-O O-O
7. Nc3 Nc6 8. d5 Ne5 9. Nxe5 dxe5 10. c5 h6 11. Qb3 Kh8
12. Rd1 a6 13. Bd2 Qe8 14. Be1 Rb8 15. Rac1 g5 16. Qa3 e4
17. d6 exd6 18. cxd6 cxd6 19. Qxd6 Be6 1/2-1/2

[Event "New Zealand Open"]
[Site "Devonport, Auckland NZL"]
[Date "2016.01.07"]
[EventDate "2016.01.02"]
[Round "6.14"]
[Result "0-1"]
[White "Leighton Nicholls"]
[Black "Ben Hague"]
[WhiteElo "1910"]
[BlackElo "2287"]
[PlyCount "106"]

1. f4 d5 2. Nf3 Bg4 3. Ne5 Bf5 4. d3 Nd7 5. g3 Nxe5 6. fxe5 e6
7. Bg2 h5 8. c4 c6 9. Nc3 d4 10. Ne4 Bxe4 11. Bxe4 Qa5+
12. Bd2 Qxe5 13. Qb3 Qc7 14. O-O-O Nf6 15. Bg2 O-O-O 16. Rdf1
Bd6 17. Bg5 Qa5 18. Bd2 Qe5 19. Qd1 Rd7 20. Kb1 h4 21. Bf4 Qc5
22. gxh4 Rxh4 23. Bg3 Rh8 24. Bf3 Rdd8 25. Qe1 Rh7 26. Bxd6
Qxd6 27. Qg3 Qxg3 28. hxg3 Rdh8 29. Rhg1 Nd7 30. Kc2 Ne5
31. Kd2 Rh2 32. Ke1 R8h6 33. g4 Rf6 34. Rf2 Rfh6 35. Rg3 g5
36. Rg1 Kd7 37. a3 Ke7 38. Rg3 Kf8 39. Rg1 Kg7 40. Rg3 Nxf3+
41. exf3 Rxf2 42. Kxf2 Rh2+ 43. Rg2 Rxg2+ 44. Kxg2 Kf6 45. b4
Ke5 46. Kg3 b6 47. a4 a6 48. f4+ gxf4+ 49. Kf3 f6 50. b5 cxb5
51. cxb5 a5 52. Ke2 Kd5 53. Kf3 e5 0-1

[Event "New Zealand Open"]
[Site "Devonport, Auckland NZL"]
[Date "2016.01.07"]
[EventDate "2016.01.02"]
[Round "6.15"]
[Result "1-0"]
[White "Eric Moskow"]
[Black "Shenyue Li"]
[WhiteElo "2127"]
[BlackElo "2007"]
[PlyCount "92"]

1. Nf3 d5 2. d4 e6 3. Bf4 Nf6 4. e3 c5 5. c3 Qb6 6. Qb3 c4
7. Qc2 Bd6 8. Bg3 Ne4 9. Nbd2 f5 10. Nxe4 fxe4 11. Bxd6 Qxd6
12. Ne5 Nd7 13. Nxd7 Bxd7 14. Be2 O-O 15. O-O e5 16. Rad1 Be6
17. Qd2 Rf6 18. dxe5 Qxe5 19. f4 Qc7 20. Qd4 Qa5 21. f5 Bf7
22. a3 Qb6 23. Qxb6 Rxb6 24. Rd2 Rc8 25. Bd1 Rc5 26. Rff2 Rh6
27. g3 b5 28. Kg2 a5 29. g4 Rb6 30. Kg3 b4 31. axb4 axb4
32. cxb4 Rxb4 33. Kf4 Ra5 34. g5 Kf8 35. h4 Ke7 36. h5 Bg8
37. Rh2 Rb6 38. h6 g6 39. fxg6 Rxg6 40. Bh5 Rd6 41. Rdf2 Bf7
42. g6 hxg6 43. h7 Rd8 44. Bxg6 Raa8 45. Bxf7 Kxf7 46. Ke5+
Kg7 1-0

[Event "New Zealand Open"]
[Site "Devonport, Auckland NZL"]
[Date "2016.01.07"]
[EventDate "2016.01.02"]
[Round "6.16"]
[Result "1-0"]
[White "Helen Milligan"]
[Black "Matthew McNabb"]
[WhiteElo "1957"]
[BlackElo "2083"]
[PlyCount "127"]

1. e4 c5 2. Nf3 d6 3. Bb5+ Bd7 4. Bxd7+ Qxd7 5. c4 Nc6 6. d4
cxd4 7. Nxd4 g6 8. Nc3 Bg7 9. Nde2 Nf6 10. f3 O-O 11. O-O a6
12. a4 Qd8 13. Be3 Qa5 14. Rb1 Rfc8 15. Qd2 Nd7 16. b3 Rab8
17. Rfd1 Qd8 18. Nd5 b5 19. cxb5 axb5 20. a5 Kf8 21. Nb6 Nxb6
22. Bxb6 Rxb6 23. axb6 Qxb6+ 24. Kh1 Ke8 25. Rbc1 b4 26. Qd5
Qa6 27. Rc4 Na7 28. Rxc8+ Nxc8 29. Nd4 e6 30. Qb5+ Qxb5
31. Nxb5 Be5 32. Rc1 Ne7 33. g3 d5 34. f4 Bb8 35. e5 Kd7
36. Kg2 g5 37. Kf3 gxf4 38. gxf4 Ng6 39. Nd4 f6 40. Nc6 Bc7
41. exf6 Bxf4 42. Rc2 Bd6 43. Kg4 e5 44. Kf5 Nh4+ 45. Kg5 Nf3+
46. Kh6 d4 47. Rf2 Kxc6 48. Rxf3 e4 49. Rf1 e3 50. f7 e2
51. Rf6 e1=Q 52. f8=Q Qh4+ 53. Kg7 Qxh2 54. Qa8+ Kb6 55. Qb8+
Kc6 56. Qa8+ Kb6 57. Qd5 Qg3+ 58. Kh8 Kc7 59. Rf7+ Kd8
60. Qa8+ Bb8 61. Rf8+ Kd7 62. Qxb8 Qxb3 63. Qb7+ Kd6 64. Rf6+
1-0

[Event "New Zealand Open"]
[Site "Devonport, Auckland NZL"]
[Date "2016.01.07"]
[EventDate "2016.01.02"]
[Round "6.17"]
[Result "1-0"]
[White "David Cilia Vincenti"]
[Black "Karl Kai Zhu"]
[WhiteElo "2061"]
[BlackElo "1996"]
[PlyCount "117"]

1. d4 d5 2. c4 e6 3. Nc3 Nf6 4. cxd5 exd5 5. Bg5 Be7 6. e3 O-O
7. Bd3 Nbd7 8. Nf3 Re8 9. Qc2 Nf8 10. O-O c6 11. h3 Nh5
12. Bxe7 Qxe7 13. Rab1 a5 14. a3 g6 15. b4 axb4 16. axb4 Ng7
17. b5 Bf5 18. Bxf5 Nxf5 19. bxc6 bxc6 20. Ne5 Qg5 21. Nxc6
Ne6 22. Nxd5 Nh4 23. Qe4 Nxd4 24. Nde7+ Kf8 25. exd4 Ra3
26. Qd5 Nf3+ 27. Kh1 Qxd5 28. Nxd5 Nd2 29. Ne3 Nxf1 30. Rxf1
Rc3 31. d5 Kg7 32. Ra1 Rd3 33. Ra7 h5 34. h4 Kf6 35. g3 Re4
36. Kg2 Rd2 37. Kf3 Re8 38. Ra4 Kg7 39. Rf4 Ra8 40. Ne5 Ra7
41. N5c4 Rd3 42. Ke4 Rb3 43. d6 Rb5 44. Kd4 Rd7 45. Re4 Ra7
46. Re7 Rbb7 47. Nd5 Kf8 48. Kc5 Rxe7 49. dxe7+ Rxe7 50. Nxe7
Kxe7 51. Kd5 Kf6 52. Ne5 Kg7 53. Nd7 Kh6 54. Ke5 g5 55. Kf6 g4
56. Kxf7 Kh7 57. Kf6 Kh6 58. Ne5 Kh7 59. Kg5 1-0

[Event "New Zealand Open"]
[Site "Devonport, Auckland NZL"]
[Date "2016.01.07"]
[EventDate "2016.01.02"]
[Round "6.18"]
[Result "1/2-1/2"]
[White "William Xiang Wei Li"]
[Black "Nathan Goodhue"]
[WhiteElo "2030"]
[BlackElo "1990"]
[PlyCount "106"]

1. d4 f5 2. Bg5 Nf6 3. Bxf6 exf6 4. e3 d5 5. Bd3 Bd6 6. Qf3 g6
7. h4 Be6 8. h5 Kf7 9. Nc3 c6 10. Nge2 Nd7 11. Nf4 Qe7
12. Nxe6 Qxe6 13. Ne2 Rae8 14. O-O-O c5 15. c3 c4 16. Bc2 Rhg8
17. Nf4 Bxf4 18. Qxf4 Rg7 19. Rh2 b5 20. Rdh1 b4 21. hxg6+
hxg6 22. Rh7 Reg8 23. cxb4 Qc6 24. g4 fxg4 25. Qh6 Nf8
26. Rxg7+ Rxg7 27. Qf4 f5 28. Rh8 Nd7 29. Rh6 Nf6 30. Qb8 Qd7
31. Rh8 Rg8 32. Rxg8 Nxg8 33. b5 Ne7 34. Ba4 Qe6 35. Qxa7 f4
36. Qa5 fxe3 37. fxe3 Qxe3+ 38. Qd2 Qe6 39. Bd1 g3 40. Bf3 Nf5
41. a4 Kg7 42. a5 Nh4 43. Bh1 g2 44. Bxg2 Nxg2 45. b6 Ne1
46. b7 Nd3+ 47. Kb1 Qd6 48. a6 Qb8 49. Qa5 Qf4 50. Qb6 Qc1+
51. Ka2 Qc2 52. Qb5 Nxb2 53. Qxb2 Qa4+ 1/2-1/2

[Event "New Zealand Open"]
[Site "Devonport, Auckland NZL"]
[Date "2016.01.07"]
[EventDate "2016.01.02"]
[Round "6.19"]
[Result "0-1"]
[White "Allen Chi Zhou Fan"]
[Black "Kim Yew Chan"]
[WhiteElo "1825"]
[BlackElo "2019"]
[PlyCount "136"]

1. Nf3 g6 2. c4 Bg7 3. g3 c5 4. Bg2 Nc6 5. Nc3 e6 6. d3 Nge7
7. O-O O-O 8. Ne4 d6 9. Rb1 b6 10. Bg5 f5 11. Nc3 h6 12. Bxe7
Nxe7 13. e3 Bb7 14. d4 g5 15. dxc5 dxc5 16. Qc2 Ng6 17. Rfd1
Qe7 18. Nb5 Be4 19. Qe2 Bxb1 20. Rxb1 a6 21. Nc3 Rad8 22. Nd2
Rd6 23. Nb3 Rfd8 24. f4 Bxc3 25. bxc3 Qd7 26. Rb2 Rd1+ 27. Kf2
g4 28. e4 Qd3 29. exf5 Qxe2+ 30. Kxe2 exf5 31. Bd5+ R8xd5
32. cxd5 Rxd5 33. Nd2 Rd6 34. Nc4 Re6+ 35. Kd3 b5 36. Ne3 Ne7
37. a4 Rb6 38. c4 Rd6+ 39. Kc3 b4+ 40. Kc2 Kf7 41. Rb1 Rd4
42. Rd1 Nc6 43. Nxf5 b3+ 44. Kxb3 Rxd1 45. Nxh6+ Kg6 46. Nxg4
Rd4 47. Kc3 Rd8 48. Nf2 Rh8 49. h4 Nd4 50. Ne4 Kf5 51. Nxc5
Ne2+ 52. Kb4 Nxg3 53. Nxa6 Kxf4 54. a5 Rxh4 55. Nc7 Rh7
56. Nb5 Nf5 57. a6 Ne7 58. Kc5 Nc8 59. Kc6 Ke5 60. Nc7 Na7+
61. Kb6 Nc8+ 62. Kb7 Kd6 63. Kxc8 Rxc7+ 64. Kb8 Kc6 65. c5 Rh7
66. Ka8 Kxc5 67. a7 Kb6 68. Kb8 Rh8# 0-1